Liedtext - Leider Geil - Deichkind - Statistiken

Allgemein
  • Dieses Quiz wurde 251 mal gespielt
  • Das Durchschnittsergebnis liegt bei 385 aus 601
Antwortstatistiken
Textquiz % Korrekt
leid
100%
leider
100%
Leider
100%
geil
99%
mh
95%
Ich
94%
ich
94%
Es
93%
es
93%
die
90%
Die
90%
der
89%
du
89%
Tu
87%
ist
85%
Ist
85%
mir
84%
sind
84%
doch
83%
Doch
83%
'ne
83%
tut
83%
ein
82%
Ein
82%
sie
82%
Sie
82%
bin
81%
nich'
81%
so
81%
auf
80%
an
77%
auch
76%
dir
76%
muss
76%
nicht
76%
gibt
75%
wir
75%
um
74%
von
74%
Welt
74%
das
73%
Ding
72%
wie
72%
Dinge
71%
den
70%
gesteh'n
69%
Teil
69%
geh'
68%
in
67%
In
67%
dem
66%
mein
66%
Mein
66%
neue
65%
sieh
65%
Sieh'
65%
sieh'
65%
dich
64%
mach'
64%
magst
64%
im
63%
mich
60%
geht
59%
war
59%
aber
57%
Aber
57%
mit
57%
Mit
57%
Guck
56%
Oh
56%
genauso
55%
kann
55%
machen
55%
kaputt
54%
Karre
54%
Umwelt
53%
zu
53%
diese
52%
fette
52%
nichts
51%
und
51%
meine
50%
Meine
50%
wer
50%
Autos
49%
hat
49%
Hat
49%
vor
49%
Bett
47%
Dreck
47%
gar
47%
noch
47%
dein
46%
Denn
46%
Lass
45%
sagt
45%
egal
44%
zum
44%
Hab'
43%
hab'
43%
für
42%
sich
42%
weh
42%
gereimt
41%
Mama
41%
Müll
41%
niemand
41%
gestern
40%
'ner
40%
schmeiß'
40%
Weg
40%
weg
40%
alles
39%
gemerkt
39%
Lied
39%
neuer
39%
Abend
38%
einen
38%
Oh
38%
voller
38%
Buntstift
37%
Club
37%
diesem
37%
ihre
37%
neben
37%
viel
37%
Zähne
37%
Hackfleisch
36%
morgen
36%
Mund
36%
Sonnenbrille
36%
wohl
36%
Zahnarzt
36%
Aufsteh'n
35%
aus
35%
entspannt
35%
seh'n
35%
Veganer
35%
drei
34%
Flatscreen
34%
Kenn'n
34%
knabber'
34%
Platte
34%
Rechnung
34%
Tage
34%
tot
34%
Barbara
33%
Deichkind
33%
feiern
33%
hin
33%
Katze
33%
Schlecht
33%
schlecht
33%
unterm
33%
braun
32%
Hör
32%
lang
32%
LED
32%
neuen
32%
wieder
32%
Diagnose
31%
dunkel
31%
gerne
31%
Psychose
31%
raus
31%
Sofa
31%
früh
30%
Gott
30%
Job
30%
Kleine
30%
Salesch
30%
schaue
30%
schickt
30%
Shows
30%
Bank
29%
leisten
29%
Schuhe
29%
Berg
28%
hörst
28%
Kaffee
28%
kämpfen
28%
Schrank
28%
schreien
28%
Schrulle
28%
stehe
28%
Bier
27%
Krieger
27%
leg'
27%
morgens
27%
schöne
27%
zwar
27%
Büchern
26%
Freunde
26%
gemein
26%
Kinderhände
26%
nähen
26%
Raten
26%
Airbrushgemälde
25%
Bock
25%
Drache
25%
Kneipe
25%
Regal
25%
schmeckt
25%
Smartphone
25%
besoffene
24%
dein'n
24%
lade
24%
Versack'
24%
dekoriere
23%
herrlich
23%
Karte
23%
Busen
22%
denken
22%
Kopf
22%
winke
22%
Burger
21%
endlich
21%
Karma
21%
Sneakers
21%
Follow
20%
your
20%
Gehirn
19%
schalt
19%
Atom
17%
GEMA
17%
glüht
17%
instincts
17%
Nordsee
15%
Plauze
14%
Zukunft
14%
Nachwuchs
13%
Jibbit
12%
Pläne
12%
Quad
11%
Quinte
11%
Wok
11%
Plot
10%
Quote
10%
Griechen
9%
Wahrheit
8%
Whirlpool
6%
Keine übereinstimmenden Quizze gefunden
Verteilung der Resultate
Anzahl Personen mit jedem Resultat
Perzentil nach korrekt beantworteten Fragen
Ihre Resultats-Entwicklung
Sie haben dieses Quiz noch nicht gespielt